| 000 | 00621nam a22002057a 4500 | ||
|---|---|---|---|
| 999 |
_c9613 _d9613 |
||
| 003 | AR-CdUCM | ||
| 008 | 190328b ||||| |||| 00| 0 spa d | ||
| 040 |
_aMUNICIPALIDAD PROVINCIAL DEL CUSCO _cBIBLIOTECA MUNICIPAL DEL CUSCO |
||
| 082 |
_a440.6 / _bD11 / 1857 |
||
| 100 |
_aD. J. R. _925934 |
||
| 245 |
_aDiccionario Frances - Español : _bEspañol - Frances / |
||
| 260 |
_aParís : _bRosa y bouret, _c1857. |
||
| 300 |
_a900 paginas ; _c18 cm. |
||
| 505 | _aContenido : Diccionario | ||
| 650 |
_aDiccionario _95196 |
||
| 650 |
_aEspañol _97869 |
||
| 650 |
_aFrances _98795 |
||
| 942 |
_2ddc _cLIBROS |
||
| 945 | _awnts | ||